Movies Quiz

Random Movies or Lyrics Quiz
Score 0/169 Timer 10:00
0 Plays Today
% Correct
a
93.4%
a
93.4%
a
93.4%
the
93.4%
a
93.4%
the
93.4%
The
93.4%
the
93.4%
the
93.4%
a
93.4%
the
93.4%
the
93.4%
and
91.2%
and
91.2%
and
91.2%
and
91.2%
and
91.2%
and
91.2%
and
91.2%
and
91.2%
You
87.9%
you
87.9%
You
87.9%
you
87.9%
You
87.9%
It
86.8%
it
86.8%
it
86.8%
it
86.8%
to
84.6%
What
84.6%
what
84.6%
What
84.6%
what
84.6%
we
84.6%
so
82.4%
do
82.4%
do
82.4%
do
82.4%
in
80.2%
your
80.2%
to
80.2%
your
80.2%
to
80.2%
your
80.2%
to
80.2%
to
80.2%
dream
79.1%
of
79.1%
dream
79.1%
of
79.1%
Rainbow
79.1%
lovers
79.1%
dreamers
79.1%
Lovers
79.1%
Dreamers
79.1%
at
78%
% Correct
at
78%
like
75.8%
like
75.8%
when
74.7%
now
74.7%
that's
74.7%
You're
73.6%
You're
73.6%
You're
73.6%
you're
73.6%
You're
73.6%
there
73.6%
Magic
73.6%
there
73.6%
you're
73.6%
Keep
73.6%
keep
73.6%
movie
72.5%
we're
71.4%
is
71.4%
is
71.4%
starts
70.3%
out
70.3%
Store
70.3%
Why
70.3%
are
70.3%
are
70.3%
out
70.3%
Life's
69.2%
ending
69.2%
school
68.1%
Then
68.1%
many
68.1%
write
68.1%
pretending
68.1%
fool
67%
songs
67%
about
67%
rainbows
67%
rainbows
67%
Rainbows
67%
kids
65.9%
off
65.9%
Making
65.9%
clown
65.9%
home
65.9%
Connection
65.9%
own
65.9%
just
65.9%
set
65.9%
friends
64.8%
believing
64.8%
faces
63.7%
find
62.6%
find
62.6%
show
61.5%
found
60.4%
% Correct
That's
60.4%
us
60.4%
we've
59.3%
done
59.3%
up
58.2%
up
58.2%
up
58.2%
more
58.2%
All
58.2%
you'll
58.2%
Thanks
57.1%
with
56%
for
56%
bad
54.9%
was
53.8%
part
53.8%
too
53.8%
Someday
53.8%
calls
52.7%
somebody
52.7%
bird
51.6%
imitations
51.6%
hope
51.6%
steam
51.6%
once
51.6%
you'd
51.6%
Ignoring
50.5%
getting
50.5%
standing
50.5%
building
50.5%
loves
50.5%
sweet
50.5%
homework
49.5%
mirror
49.5%
grown
49.5%
falls
48.4%
stylish
48.4%
watching
48.4%
watching
48.4%
Doin
47.3%
prat
47.3%
dedication
47.3%
ovation
47.3%
memories
47.3%
we'd
47.3%
reminders
46.2%
close
45.1%
Stands
45.1%
wishing
45.1%
juvenilish
42.9%
work
41.8%
burning
41.8%
I've
39.6%
noticed
36.3%
hollars
35.2%
Remove Ads.
Support Sporcle.
Get the best of Sporcle when you Go Orange. This ad-free experience offers more features, more stats, and more fun while also helping to support Sporcle. Thank you for becoming a member.

You're not logged in!

Compare scores with friends on all Sporcle quizzes.
OR
Log In

Show Comments

Extras

Top Quizzes Today


Score Distribution

Your Account Isn't Verified!

In order to create a playlist on Sporcle, you need to verify the email address you used during registration. Go to your Sporcle Settings to finish the process.

Report this User

Report this user for behavior that violates our Community Guidelines.

Details: